<?xml version="1.0" encoding="UTF-8"?>
<collection xmlns="http://www.loc.gov/MARC21/slim">
 <record>
  <leader>04702nam a22004338i 4500</leader>
  <controlfield tag="001">45345</controlfield>
  <controlfield tag="003">BD-DhAAL</controlfield>
  <controlfield tag="005">20260224102934.0</controlfield>
  <controlfield tag="008">260224t2025    enk      b    001 0 eng  </controlfield>
  <datafield tag="010" ind1=" " ind2=" ">
   <subfield code="a">  2024027769</subfield>
  </datafield>
  <datafield tag="020" ind1=" " ind2=" ">
   <subfield code="a">9781032835730</subfield>
  </datafield>
  <datafield tag="020" ind1=" " ind2=" ">
   <subfield code="a">9781032835723</subfield>
  </datafield>
  <datafield tag="020" ind1=" " ind2=" ">
   <subfield code="a">9781003510031</subfield>
  </datafield>
  <datafield tag="035" ind1=" " ind2=" ">
   <subfield code="a">23806403</subfield>
  </datafield>
  <datafield tag="040" ind1=" " ind2=" ">
   <subfield code="a">DLC</subfield>
   <subfield code="b">eng</subfield>
   <subfield code="e">rda</subfield>
   <subfield code="c">DLC</subfield>
   <subfield code="d">DLC</subfield>
   <subfield code="d">BD-DhAAL</subfield>
  </datafield>
  <datafield tag="042" ind1=" " ind2=" ">
   <subfield code="a">pcc</subfield>
  </datafield>
  <datafield tag="043" ind1=" " ind2=" ">
   <subfield code="a">az-----</subfield>
  </datafield>
  <datafield tag="050" ind1="0" ind2="0">
   <subfield code="a">BP63.A37</subfield>
   <subfield code="b">J35 2025</subfield>
  </datafield>
  <datafield tag="082" ind1="0" ind2="0">
   <subfield code="a">297.0954</subfield>
   <subfield code="2">23</subfield>
  </datafield>
  <datafield tag="100" ind1="1" ind2=" ">
   <subfield code="a">Jalal, Ayesha,</subfield>
   <subfield code="e">author.</subfield>
  </datafield>
  <datafield tag="245" ind1="1" ind2="0">
   <subfield code="a">Muslim enlightened thought in South Asia /</subfield>
   <subfield code="c">Ayesha Jalal.</subfield>
  </datafield>
  <datafield tag="260" ind1=" " ind2=" ">
   <subfield code="a">Abingdon, Oxon :</subfield>
   <subfield code="b">Routledge,</subfield>
   <subfield code="c">2025.</subfield>
  </datafield>
  <datafield tag="300" ind1=" " ind2=" ">
   <subfield code="a">xii, 308 pages :</subfield>
   <subfield code="b">illustrations ;</subfield>
   <subfield code="c">23 cm</subfield>
  </datafield>
  <datafield tag="504" ind1=" " ind2=" ">
   <subfield code="a">Includes bibliographical references and index.</subfield>
  </datafield>
  <datafield tag="520" ind1=" " ind2=" ">
   <subfield code="a">&quot;Muslim Enlightened Thought in South Asia is an engaging history of the enlightened liberality of modern Muslim poets, philosophers, educationists, novelists, historians, artists, and public intellectuals, who drew on a long Muslim intellectual tradition beyond the &quot;Western&quot; liberalism of empire. Interpreting the pathbreaking contributions of an array of creative Muslim figures, the book challenges the view portraying them as exemplars of an insular and defensive &quot;apologetic modernity&quot;. It highlights a strand of Muslim thought and liberality of mind that has been ignored by scholars obsessed with dire and dour theologians. This book questions both the presumptions of historians of liberalism that exclude Muslims from the domain of modern liberal thought and the predilections of those scholars of Islam who lean solely on discovering theological rigidity among ulama. It analyzes the forces that have contributed to the narrowing of intellectual space since the late twentieth century and the resilience of expansive and enlightened ideas that have kept candles flickering in the enveloping darkness. Foregrounding the enlightened conceptions of Ghalib, Sayyid Ahmad Khan, Iqbal and Sadequain on faith, selfhood, history, and time - and bringing other Muslim thinkers out of the shadows, the book offers a nuanced reformulation of the meaning of religion for our challenging times. It will be of interest to a wide readership interested in the history of Islam and South Asia&quot;--</subfield>
  </datafield>
  <datafield tag="526" ind1="8" ind2=" ">
   <subfield code="a">ENH</subfield>
   <subfield code="x">Sabiha Huq, PhD
Professor
Department of English and Humanities
BRAC University
Course Name and No. :Course Name and No. : Thesis (ENG 698)</subfield>
  </datafield>
  <datafield tag="541" ind1="1" ind2=" ">
   <subfield code="a">Hye Trade International</subfield>
   <subfield code="e">45345, 45346, 45347, 45348, 45349</subfield>
  </datafield>
  <datafield tag="650" ind1=" " ind2="0">
   <subfield code="a">Islam</subfield>
   <subfield code="z">South Asia</subfield>
   <subfield code="x">History.</subfield>
   <subfield code="9">20787</subfield>
  </datafield>
  <datafield tag="650" ind1=" " ind2="0">
   <subfield code="a">Islam and secularism</subfield>
   <subfield code="z">South Asia</subfield>
   <subfield code="x">History.</subfield>
   <subfield code="9">60297</subfield>
  </datafield>
  <datafield tag="650" ind1=" " ind2="0">
   <subfield code="a">Islamic modernism</subfield>
   <subfield code="z">South Asia</subfield>
   <subfield code="x">History.</subfield>
   <subfield code="9">60298</subfield>
  </datafield>
  <datafield tag="650" ind1=" " ind2="0">
   <subfield code="a">Liberalism</subfield>
   <subfield code="z">South Asia</subfield>
   <subfield code="x">History.</subfield>
   <subfield code="9">60299</subfield>
  </datafield>
  <datafield tag="852" ind1="1" ind2=" ">
   <subfield code="a">Ayesha Abed Library</subfield>
   <subfield code="c">General Stacks</subfield>
  </datafield>
  <datafield tag="942" ind1=" " ind2=" ">
   <subfield code="2">ddc</subfield>
   <subfield code="c">BK</subfield>
  </datafield>
  <datafield tag="999" ind1=" " ind2=" ">
   <subfield code="c">47721</subfield>
   <subfield code="d">47721</subfield>
  </datafield>
  <datafield tag="952" ind1=" " ind2=" ">
   <subfield code="0">0</subfield>
   <subfield code="1">0</subfield>
   <subfield code="2">ddc</subfield>
   <subfield code="4">0</subfield>
   <subfield code="6">297_095400000000000_JAL</subfield>
   <subfield code="7">0</subfield>
   <subfield code="9">78768</subfield>
   <subfield code="a">BRACUL</subfield>
   <subfield code="b">BRACUL</subfield>
   <subfield code="c">GEN</subfield>
   <subfield code="d">2026-01-29</subfield>
   <subfield code="e">Hye Trade International</subfield>
   <subfield code="g">3799.00</subfield>
   <subfield code="l">0</subfield>
   <subfield code="o">297.0954 JAL</subfield>
   <subfield code="p">3010045348</subfield>
   <subfield code="r">2026-01-29</subfield>
   <subfield code="t">4</subfield>
   <subfield code="v">7598.00</subfield>
   <subfield code="w">2026-01-29</subfield>
   <subfield code="y">BK</subfield>
   <subfield code="x">Requisitioned by Sabiha Huq (Professor, Department of English and Humanities, BRAC University) for the course named- Thesis ‘’(ENG 698)’’</subfield>
  </datafield>
  <datafield tag="952" ind1=" " ind2=" ">
   <subfield code="0">0</subfield>
   <subfield code="1">0</subfield>
   <subfield code="2">ddc</subfield>
   <subfield code="4">0</subfield>
   <subfield code="6">297_095400000000000_JAL</subfield>
   <subfield code="7">0</subfield>
   <subfield code="9">78769</subfield>
   <subfield code="a">BRACUL</subfield>
   <subfield code="b">BRACUL</subfield>
   <subfield code="c">GEN</subfield>
   <subfield code="d">2026-01-29</subfield>
   <subfield code="e">Hye Trade International</subfield>
   <subfield code="g">3799.00</subfield>
   <subfield code="l">0</subfield>
   <subfield code="o">297.0954 JAL</subfield>
   <subfield code="p">3010045349</subfield>
   <subfield code="r">2026-01-29</subfield>
   <subfield code="t">5</subfield>
   <subfield code="v">7598.00</subfield>
   <subfield code="w">2026-01-29</subfield>
   <subfield code="y">BK</subfield>
   <subfield code="x">Requisitioned by Sabiha Huq (Professor, Department of English and Humanities, BRAC University) for the course named- Thesis ‘’(ENG 698)’’</subfield>
  </datafield>
  <datafield tag="952" ind1=" " ind2=" ">
   <subfield code="0">0</subfield>
   <subfield code="1">0</subfield>
   <subfield code="2">ddc</subfield>
   <subfield code="4">0</subfield>
   <subfield code="6">297_095400000000000_JAL</subfield>
   <subfield code="7">0</subfield>
   <subfield code="9">78770</subfield>
   <subfield code="a">BRACUL</subfield>
   <subfield code="b">BRACUL</subfield>
   <subfield code="c">CIR</subfield>
   <subfield code="d">2026-01-29</subfield>
   <subfield code="e">Hye Trade International</subfield>
   <subfield code="g">3799.00</subfield>
   <subfield code="l">0</subfield>
   <subfield code="o">297.0954 JAL</subfield>
   <subfield code="p">3010045345</subfield>
   <subfield code="r">2026-01-29</subfield>
   <subfield code="t">1</subfield>
   <subfield code="v">7598.00</subfield>
   <subfield code="w">2026-01-29</subfield>
   <subfield code="y">1HOUR</subfield>
   <subfield code="x">Requisitioned by Sabiha Huq (Professor, Department of English and Humanities, BRAC University) for the course named- Thesis ‘’(ENG 698)’’; As instructed by the University Librarian, the book has been placed on a one hour loan period following the receipt of five copies.</subfield>
  </datafield>
  <datafield tag="952" ind1=" " ind2=" ">
   <subfield code="0">0</subfield>
   <subfield code="1">0</subfield>
   <subfield code="2">ddc</subfield>
   <subfield code="4">0</subfield>
   <subfield code="6">297_095400000000000_JAL</subfield>
   <subfield code="7">0</subfield>
   <subfield code="9">78771</subfield>
   <subfield code="a">BRACUL</subfield>
   <subfield code="b">BRACUL</subfield>
   <subfield code="c">GEN</subfield>
   <subfield code="d">2026-01-29</subfield>
   <subfield code="e">Hye Trade International</subfield>
   <subfield code="g">3799.00</subfield>
   <subfield code="l">0</subfield>
   <subfield code="o">297.0954 JAL</subfield>
   <subfield code="p">3010045347</subfield>
   <subfield code="r">2026-01-29</subfield>
   <subfield code="t">3</subfield>
   <subfield code="v">7598.00</subfield>
   <subfield code="w">2026-01-29</subfield>
   <subfield code="y">BK</subfield>
   <subfield code="x">Requisitioned by Sabiha Huq (Professor, Department of English and Humanities, BRAC University) for the course named- Thesis ‘’(ENG 698)’’</subfield>
  </datafield>
  <datafield tag="952" ind1=" " ind2=" ">
   <subfield code="0">0</subfield>
   <subfield code="1">0</subfield>
   <subfield code="2">ddc</subfield>
   <subfield code="4">0</subfield>
   <subfield code="6">297_095400000000000_JAL</subfield>
   <subfield code="7">0</subfield>
   <subfield code="9">78772</subfield>
   <subfield code="a">BRACUL</subfield>
   <subfield code="b">BRACUL</subfield>
   <subfield code="c">NEW</subfield>
   <subfield code="d">2026-01-29</subfield>
   <subfield code="e">Hye Trade International</subfield>
   <subfield code="g">3799.00</subfield>
   <subfield code="l">3</subfield>
   <subfield code="m">1</subfield>
   <subfield code="o">297.0954 JAL</subfield>
   <subfield code="p">3010045346</subfield>
   <subfield code="r">2026-05-04</subfield>
   <subfield code="s">2026-04-25</subfield>
   <subfield code="t">2</subfield>
   <subfield code="v">7598.00</subfield>
   <subfield code="w">2026-01-29</subfield>
   <subfield code="y">BK</subfield>
   <subfield code="x">Requisitioned by Sabiha Huq (Professor, Department of English and Humanities, BRAC University) for the course named- Thesis ‘’(ENG 698)’’</subfield>
  </datafield>
 </record>
</collection>
